01277cam a2200277 a 4500001001000000003000600010005001700016008004100033040002500074082001800099100004400117245011900161260006100280300004200341490002200383504007300405504003300478650006000511651005300571651004700624700004400671830002900715952011600744952012200860999001700982000014625UkOxU20200929163857.0950822s1995 sp abc 000 0 spa  aDO-SdBNPbspacBNPHU axxxxxxbA816c1 aAsensio Esteban, José Ángel.93313113aLa ciudad en el mundo prerromano en Aragón /cJosé Ángel Asensio Esteban ; prólogo, Manuel Martín-Bueno. aZaragoza :bInstitución Fernando el Católico,c1995. a461 p. :bil., mapas, retrs ;c23 cm.1 aCaesaraugustav70 aIncluye referencias bibliográficas y notas al pie de las páginas aBibliografía : p. 415-454. 0aCiudades y puebloszEspañazAragónxHistoria933132 0aAragón (España{Rpara}xAntigüedades919279 0aAragón (España{Rpara}xHistoria9192351 aMartín-Bueno, Manuel,epról.925607 0aCaesaraugustan70933133 001050718MOaGRbGRcHDd2010-01-15iLF1l0oxxxxxx A816cp14625-10r2020-06-25w2020-06-25y1ZNo se presta 001150718MOaGRbGRcMId2017-06-06iLF1l0oxxxxxx A816cp14625-20r2020-06-25te. 2w2020-06-25y1ZNo se presta c14209d14209